[Event "Wch U10"]
[Site "Al Ain"]
[Date "2013.12.28"]
[Round "11"]
[White "Barseghyan, Armen Ash"]
[Black "Yerkenov, Tleuzhan"]
[Result "1-0"]
[WhiteElo "1748"]
[BlackElo "1925"]
[PlyCount "79"]
[EventDate "2013.12.18"]
[EventType "swiss"]
[EventRounds "11"]
[EventCountry "UAE"]
[SourceTitle "CBM 158 Extra"]
[Source "ChessBase"]
[SourceDate "2014.02.28"]
[SourceVersion "1"]
[SourceVersionDate "2014.02.28"]
[SourceQuality "1"]

1. d4 Nf6 2. Nf3 c5 3. d5 e6 4. Nc3 a6 5. a4 exd5 6. Nxd5 Nxd5 7. Qxd5 Be7 8. e4 Nc6 9. Be2 d6 10. Bf4 Be6 11. Qd2 Qb6 12. 0-0 Rd8 13. a5 Qa7 14. c4 0-0 15. Rfd1 f6 16. Ra3 Ne5 17. Qc1 Ng6 18. Bg3 f5 19. exf5 Bxf5 20. Rb3 Be6 21. Rb6 Bf7 22. Bxd6 Bxd6 23. Rbxd6 Rxd6 24. Rxd6 Qb8 25. Qd2 Re8 26. Bf1 Qc8 27. Ng5 Ne5 28. Nxf7 Nxf7 29. Rd7 Rd8 30. Rxd8+ Qxd8 31. Qe3 Qc8 32. Qe7 g6 33. g3 Qc6 34. Bg2 Qd6 35. Qxb7 Qd1+ 36. Bf1 Qb1 37. Qxa6 Qxb2 38. Qc8+ Kg7 39. a6 Qa1 40. Qb7 1-0

[Event "Wch U10"]
[Site "Al Ain"]
[Date "2013.12.23"]
[Round "7"]
[White "Manafov, Vugar Gulam"]
[Black "Yerkenov, Tleuzhan"]
[Result "0-1"]
[WhiteElo "1640"]
[BlackElo "1925"]
[PlyCount "160"]
[EventDate "2013.12.18"]
[EventType "swiss"]
[EventRounds "11"]
[EventCountry "UAE"]
[SourceTitle "CBM 158 Extra"]
[Source "ChessBase"]
[SourceDate "2014.02.28"]
[SourceVersion "1"]
[SourceVersionDate "2014.02.28"]
[SourceQuality "1"]

1. d4 Nf6 2. Nf3 c5 3. c4 e6 4. Nc3 cxd4 5. Nxd4 Nc6 6. e3 Bb4 7. Bd3 d5 8. cxd5 Nxd5 9. Bd2 Nxd4 10. exd4 Nxc3 11. bxc3 Bd6 12. Qa4+ Bd7 13. Bb5 a6 14. Bxd7+ Qxd7 15. Qxd7+ Kxd7 16. Ke2 Rhc8 17. Rhd1 Ba3 18. Kd3 b5 19. Rdb1 Rc4 20. Rb3 Ra4 21. Rbb1 Rc8 22. Bc1 Bxc1 23. Rxc1 Ra3 24. Kd2 Kd6 25. Rc2 Rc4 26. Rb1 Rca4 27. Rbb2 Kd5 28. f3 Kc4 29. h4 f5 30. h5 f4 31. Rb4+ Rxb4 32. cxb4+ Kxd4 33. Ke2 e5 34. Rc7 Rxa2+ 35. Kf1 Ra1+ 36. Kf2 Rh1 37. Rxg7 Rxh5 38. Rd7+ Kc4 39. Rd6 Kxb4 40. Rxa6 Kb3 41. g4 fxg3+ 42. Kxg3 b4 43. Kg4 Rh1 44. Ra5 Re1 45. Ra7 Kb2 46. Rxh7 b3 47. f4 exf4 48. Kxf4 Kb1 49. Kf3 b2 50. Kf2 Re4 51. Kf3 Rc4 52. Ke3 Ka2 53. Rh2 Ka1 54. Kd3 Rc1 55. Rxb2 Kxb2 56. Ke4 Rd1 57. Ke3 Kc3 58. Ke4 Rd8 59. Ke5 Kc4 60. Ke6 Kc5 61. Kf5 Re8 62. Kf6 Kd6 63. Kf5 Re1 64. Kf4 Kd5 65. Kf3 Kd4 66. Kf2 Re8 67. Kf3 Re7 68. Kf4 Rf7+ 69. Kg4 Ke5 70. Kg3 Ke4 71. Kg2 Ke3 72. Kg3 Rg7+ 73. Kh4 Kf3 74. Kh5 Kf4 75. Kh6 Rg2 76. Kh5 Rg1 77. Kh6 Kf5 78. Kh7 Kf6 79. Kh8 Kf7 80. Kh7 Rh1# 0-1